2026/27 Primeira Liga Portugal Team Logos - Statistics

General Stats
  • This quiz has been taken 6 times
  • The average score is 10 of 17
Answer Stats
Picture Answer % Correct
FC Porto
100%
S.L. Benfica
100%
S.C. Braga
83%
Sporting CP
83%
Vitória S.C.
83%
Moreirense F.C.
67%
Rio Ave F.C.
67%
C.D. Nacional
50%
C.F. Estrela da Amadora
50%
F.C. Arouca
50%
G.D. Estoril Praia
50%
Académico de Viseu F.C.
33%
C.D. Santa Clara
33%
C.S. Marítimo
33%
F.C. Alverca
33%
F.C. Famalicão
33%
Gil Vicente F.C.
33%
No matching quizzes found
Score Distribution
Percent of People with Each Score
Percentile by Number Answered
Your Score History
You have not taken this quiz